[Event "Steinfurt Bezirksliga 0506"]
[Site "Germany"]
[Date "2006.04.29"]
[Round "9.7"]
[White "Toenjann, Arne"]
[Black "Gaida, Peter"]
[Result "0-1"]
[WhiteElo "1011"]
[BlackElo "1504"]
[PlyCount "64"]
[EventDate "2005.09.24"]
[EventType "team-tourn"]
[EventRounds "9"]
[EventCountry "GER"]
[SourceTitle "EXT 2006"]
[Source "ChessBase"]
[SourceDate "2005.11.24"]
[SourceVersion "1"]
[SourceVersionDate "2005.11.24"]
[SourceQuality "1"]
[WhiteTeam "Neuenkirchen II"]
[BlackTeam "Ibbenbueren II"]
[WhiteTeamCountry "GER"]
[BlackTeamCountry "GER"]

1. e4 c5 2. Bc4 Nc6 3. Nf3 g6 4. d3 Bg7 5. Bf4 Bxb2 6. Nbd2 e5 7. Bh6 Nxh6 8. Rb1 Bc3 9. Rb3 Bb4 10. 0-0 0-0 11. h3 Kg7 12. Nb1 f6 13. Bd5 Ne7 14. c3 Nxd5 15. exd5 Ba5 16. Rb5 d6 17. d4 a6 18. Rb3 cxd4 19. cxd4 b5 20. dxe5 fxe5 21. Kh1 Bb7 22. Nbd2 Bxd5 23. Rb2 Nf5 24. Rc2 Qd7 25. Nb3 Bxf3 26. Qxf3 Nd4 27. Qd3 Nxc2 28. Qxc2 Rac8 29. Qe4 Bb6 30. f3 Rc4 31. Qd5 a5 32. Rc1 Rfc8 0-1

[Event "Steinfurt Bezirksliga 0506"]
[Site "Germany"]
[Date "2006.03.18"]
[Round "8.7"]
[White "Gaida, Peter"]
[Black "Meinert, Dominik"]
[Result "1-0"]
[WhiteElo "1504"]
[BlackElo "1536"]
[PlyCount "123"]
[EventDate "2005.09.24"]
[EventType "team-tourn"]
[EventRounds "9"]
[EventCountry "GER"]
[SourceTitle "EXT 2006"]
[Source "ChessBase"]
[SourceDate "2005.11.24"]
[SourceVersion "1"]
[SourceVersionDate "2005.11.24"]
[SourceQuality "1"]
[WhiteTeam "Ibbenbueren II"]
[BlackTeam "Steinfurt II"]
[WhiteTeamCountry "GER"]
[BlackTeamCountry "GER"]

1. c4 e5 2. Nc3 Nf6 3. e4 Bb4 4. Nge2 Nc6 5. d3 0-0 6. a3 Bxc3+ 7. bxc3 d6 8. g3 b6 9. Bg2 Bb7 10. 0-0 Qe7 11. f4 Nd7 12. Be3 Nc5 13. fxe5 Nxe5 14. Bxc5 dxc5 15. Nf4 Rad8 16. Nd5 Qd6 17. Qc2 c6 18. Nf4 Qh6 19. Bf3 g5 20. Nh5 Nxf3+ 21. Rxf3 Qxh5 22. Raf1 Rd6 23. Qd2 Qg6 24. Rf5 h6 25. g4 Bc8 26. e5 Re6 27. Rf6 Rxf6 28. Rxf6 Qg7 29. Qe2 Be6 30. Qf3 Rc8 31. Qh3 Kh7 32. d4 Bxc4 33. dxc5 bxc5 34. Qf3 Bd5 35. Qf5+ Kg8 36. Qxc8+ Qf8 37. Qxf8+ Kxf8 38. Rxh6 Ke7 39. Kf2 a6 40. Ke3 Bg2 41. h4 gxh4 42. Rxh4 f6 43. Kf4 fxe5+ 44. Kxe5 Bd5 45. g5 Kf7 46. Ra4 Kg6 47. Rxa6 Kxg5 48. Kd6 c4 49. Rxc6 Bf7 50. a4 Kf5 51. Ke7 Bd5 52. Rd6 Ke4 53. a5 Ba8 54. a6 Ke3 55. a7 Bg2 56. Kd8 Bh1 57. Kc7 Ke4 58. Kb8 Ke5 59. Rd1 Bf3 60. a8Q Bxa8 61. Kxa8 Ke4 62. Kb7 1-0

[Event "Steinfurt Bezirksliga 0506"]
[Site "Germany"]
[Date "2006.02.04"]
[Round "6.7"]
[White "Gaida, Peter"]
[Black "Richter, Michael2222"]
[Result "1/2-1/2"]
[WhiteElo "1504"]
[BlackElo "1676"]
[PlyCount "72"]
[EventDate "2005.09.24"]
[EventType "team-tourn"]
[EventRounds "9"]
[EventCountry "GER"]
[SourceTitle "EXT 2006"]
[Source "ChessBase"]
[SourceDate "2005.11.24"]
[SourceVersion "1"]
[SourceVersionDate "2005.11.24"]
[SourceQuality "1"]
[WhiteTeam "Ibbenbueren II"]
[BlackTeam "Reckenfeld"]
[WhiteTeamCountry "GER"]
[BlackTeamCountry "GER"]

1. c4 Nf6 2. d4 g6 3. Nc3 Bg7 4. Nf3 d6 5. e4 0-0 6. Be2 c6 7. Bf4 Qa5 8. 0-0 Nh5 9. Bd2 Qc7 10. Qc1 e5 11. d5 f5 12. Ng5 Nf6 13. f4 Nxe4 14. fxe5 Bxe5 15. Ncxe4 fxe4 16. Rxf8+ Kxf8 17. Qf1+ Kg7 18. Bf4 h5 19. Nxe4 Qe7 20. Rd1 c5 21. Bxe5+ Qxe5 22. Bd3 Na6 23. a3 Bg4 24. Rd2 Rf8 25. Rf2 Rxf2 26. Qxf2 Bf5 27. Qf3 Bxe4 28. Qxe4 Qxe4 29. Bxe4 Kf6 30. Kf2 g5 31. Bf3 h4 32. Bg4 Nc7 33. Ke3 Ke5 34. h3 a5 35. b3 b6 36. Bd7 Na8 1/2-1/2

[Event "Steinfurt Bezirksliga 0506"]
[Site "Germany"]
[Date "2005.10.29"]
[Round "2.7"]
[White "Gaida, Peter"]
[Black "Altenaehr, Johannes"]
[Result "0-1"]
[WhiteElo "1504"]
[BlackElo "1489"]
[PlyCount "80"]
[EventDate "2005.09.24"]
[EventType "team-tourn"]
[EventRounds "9"]
[EventCountry "GER"]
[SourceTitle "EXT 2006"]
[Source "ChessBase"]
[SourceDate "2005.11.24"]
[SourceVersion "1"]
[SourceVersionDate "2005.11.24"]
[SourceQuality "1"]
[WhiteTeam "Ibbenbueren II"]
[BlackTeam "Rheine"]
[WhiteTeamCountry "GER"]
[BlackTeamCountry "GER"]

1. c4 c5 2. Nf3 Nc6 3. d4 cxd4 4. Nxd4 e5 5. Nxc6 bxc6 6. e4 Bc5 7. Bd3 Nf6 8. 0-0 0-0 9. Nd2 Ba6 10. b3 d5 11. Bb2 d4 12. f4 exf4 13. Rxf4 Bd6 14. Rf5 Bc8 15. Rf2 Ng4 16. Nf3 Nxf2 17. Kxf2 c5 18. Qc2 Bf4 19. Bc1 Bxc1 20. Rxc1 Bg4 21. e5 g6 22. Nd2 Qg5 23. Re1 Rfe8 24. h3 Bd7 25. Nf3 Qf4 26. Re4 Qh6 27. Kg1 Bc6 28. Rh4 Qe3+ 29. Kh2 Bxf3 30. gxf3 Qxe5+ 31. f4 Qf6 32. Rg4 h5 33. Rg2 Qxf4+ 34. Kh1 Re1+ 35. Rg1 Rxg1+ 36. Kxg1 Qg3+ 37. Kf1 Qxh3+ 38. Kg1 Qg3+ 39. Kf1 Re8 40. Qb1 Re3 0-1